Dôchodkové zabezpečenie v SR Riziká súčasného systému a navrhované zmeny
Riziká súčasného systému sociálneho zabezpečenia a faktory vedúce k nevyhnutnosti reformy. Vývoj ukazovateľov v dôchodkovom zabezpečení. Rozdiel medzi priemernou mzdou a priemerným starobným dôchodkom. Podiel starobného dôchodku na priemernej mesačnej mzde. Hlavné dôvody potreby reformy sociálneho p...
Enregistré dans:
| Auteur principal: | |
|---|---|
| Format: | Chapitre de livre |
| Langue: | slovaque |
| Sujets: | |
| Tags: |
Pas de tags, Soyez le premier à ajouter un tag!
|
MARC
| LEADER | 00000naa a2200000 4500 | ||
|---|---|---|---|
| 001 | r039612 | ||
| 005 | 20230911132342.9 | ||
| 041 | 0 | |a slo | |
| 044 | |a SK | ||
| 245 | 1 | 0 | |a Dôchodkové zabezpečenie v SR |b Riziká súčasného systému a navrhované zmeny |c Eva Rievajová |
| 520 | |a Riziká súčasného systému sociálneho zabezpečenia a faktory vedúce k nevyhnutnosti reformy. Vývoj ukazovateľov v dôchodkovom zabezpečení. Rozdiel medzi priemernou mzdou a priemerným starobným dôchodkom. Podiel starobného dôchodku na priemernej mesačnej mzde. Hlavné dôvody potreby reformy sociálneho poistenia. Riešenie súčasného stavu. | ||
| 610 | 2 | 0 | |a zabezpečenie sociálne |
| 610 | 2 | 0 | |a zabezpečenie dôchodkové |
| 610 | 2 | 0 | |a reformy sociálne |
| 610 | 2 | 0 | |a dôchodky starobné |
| 610 | 2 | 0 | |a valorizácia |
| 610 | 2 | 0 | |a mzdy priemerné |
| 610 | 2 | 0 | |a starostlivosť o prestárlych |
| 610 | 2 | 0 | |a starostlivosť sociálna |
| 610 | 2 | 0 | |a Slovensko |
| 100 | 1 | |a Rievajová, Eva | |